000 00704nam a22002177a 4500
003 UA-OsUOA
001 85969
007 ta
008 20120723b un ||||| |||| 00| 0 ukr d
100 _aНападовська Л.
090 _a657
_bН27
942 _cSA
040 _aUA-OsUOA
_bukr
_cUA-OsUOA
_dUA-OsUOA
245 _aУдосконалення системи бухгалтерського обліку в Україні
300 _aС.3-8
955 _a0
041 _aukr
080 _a657
773 0 _w85968
_tБухгалтерський облік і аудит
_dК.
_d2012
_g6
650 7 _a657 Бухгалтерія. Бухгалтерський облік. Рахівництво
_2UDC
999 _c372275
_d372275